Segunda Encuesta Nacional de Condiciones de Seguridad y Salud en el Trabajo en el Sistema de Riesgos Laborales de Colombia / (Registro nro. 15406)

Detalles MARC
000 -LEADER
fixed length control field 01450nam a22002657a 4500
003 - CONTROL NUMBER IDENTIFIER
control field OSt
005 - DATE AND TIME OF LATEST TRANSACTION
control field 20210317112935.0
008 - FIXED-LENGTH DATA ELEMENTS--GENERAL INFORMATION
fixed length control field 210317s2013 ck ad||grs|||a00| 0 spa d
020 ## - INTERNATIONAL STANDARD BOOK NUMBER
International Standard Book Number 9789585936621
Qualifying information Obra independiente
040 ## - CATALOGING SOURCE
Original cataloging agency CO-JMCR
Transcribing agency CO-JMCR
041 0# - LANGUAGE CODE
Language code of text/sound track or separate title spa
082 04 - DEWEY DECIMAL CLASSIFICATION NUMBER
Classification number 363.1109861 /
Item number C718s
Edition number 23
110 1# - MAIN ENTRY--CORPORATE NAME
Corporate name or jurisdiction name as entry element Colombia.
Subordinate unit Ministerio del Trabajo
9 (RLIN) 36203
245 10 - TITLE STATEMENT
Title Segunda Encuesta Nacional de Condiciones de Seguridad y Salud en el Trabajo en el Sistema de Riesgos Laborales de Colombia /
Statement of responsibility, etc. Ministerio del Trabajo ; coautor Organización Iberoamericana de Seguridad Social-OISS ; revisión, Ma. Marcela Soler Guío, Luz Maryen Lozano R.
260 ## - PUBLICATION, DISTRIBUTION, ETC.
Place of publication, distribution, etc. Bogotá :
Name of publisher, distributor, etc. Ministerio del Trabajo,
Date of publication, distribution, etc. 2013
300 ## - PHYSICAL DESCRIPTION
Extent 200 páginas :
Other physical details ilustraciones y gráficas a blanco y negro ;
Dimensions 28 cm.
504 ## - BIBLIOGRAPHY, ETC. NOTE
Bibliography, etc. note Bibliografía: páginas 175-177
505 0# - FORMATTED CONTENTS NOTE
Formatted contents note Objetivos generales y específicos -- Metodología: Universos de estudio, diseño de las muestras, definición y descripción de la población, unidades de muestreo y de observación, parámetros de interés, tipo de muestreo, tamaño de la muestra.
650 14 - SUBJECT ADDED ENTRY--TOPICAL TERM
Topical term or geographic name entry element Salud ocupacional
Form subdivision Encuestas
Geographic subdivision Colombia
9 (RLIN) 36204
650 14 - SUBJECT ADDED ENTRY--TOPICAL TERM
Topical term or geographic name entry element Seguridad industrial
Form subdivision Encuestas
Geographic subdivision Colombia
9 (RLIN) 36205
700 1# - ADDED ENTRY--PERSONAL NAME
Personal name Soler Guío, Ma. Marcela,
Relator term revisora
9 (RLIN) 36206
700 1# - ADDED ENTRY--PERSONAL NAME
Personal name Lozano R., Luz Maryen,
Relator term revisora
9 (RLIN) 36207
710 2# - ADDED ENTRY--CORPORATE NAME
Corporate name or jurisdiction name as entry element Organización Iberoamericana de Seguridad Social-OISS
9 (RLIN) 36208
942 ## - ADDED ENTRY ELEMENTS (KOHA)
Source of classification or shelving scheme Dewey Decimal Classification
Koha item type Books
Existencias
Withdrawn status Lost status Source of classification or shelving scheme Damaged status Not for loan Collection code Home library Current library Date acquired Source of acquisition Full call number Barcode Date last seen Copy number Price effective from Koha item type Total Checkouts
    Dewey Decimal Classification     Non-fiction Biblioteca Pública José María del Castillo y Rada Biblioteca Pública José María del Castillo y Rada 10/02/2020 Donación 363.1109861 / C718s 201808501 05/16/2024 Ej.2 03/17/2021 Books  
    Dewey Decimal Classification     Non-fiction Biblioteca Pública José María del Castillo y Rada Biblioteca Pública José María del Castillo y Rada 10/02/2020 Donación 363.1109861 / C718s 201808502 05/16/2024 Ej.1 03/17/2021 Books